Quizzes
Events
Quiz Creation
Community
Videos
Private Events
Remove Ads
Sign In
Join for FREE
Feedback
Dark Mode
Quiz Categories
Sports
Geography
Music
Movies
Television
Just For Fun
Miscellaneous
History
Literature
Language
Science
Gaming
Entertainment
Religion
Holiday
For Kids
Quiz Lab
Recent
Popular Today
Quiz Kudos Today
Editor Picks
Curator Picks
Quizzes by...
Day
Popularity
Type
Ratings
Length
Year
Community
Subscriptions
Recent Discussions
Orange Saloon
Badges
Playlists
Quests
Create
Leaderboards
Showdown
Live 5
Trivia Bingo
Activity
Puzzle Library
Sporcle Events
Private Events
Virtual Trivia
Globe League
Become a Host
Pub Owners
SporcleCon
Opinionation
Our Games
Videos
Blog
Mobile Apps
Partnerships
Remove Ads and Go Orange
Feedback
Movies
Disney
Marvel Cinematic Universe
Movie Resume
Movie Titles
Oscar
Actor
Actress
Director
Pixar
Role
Movie Quotes
Movie Characters
Box Office
Nominee
Best Picture
Star Wars
James Bond
Horror Movies
Movies
Disney
Marvel Cinematic Universe
Movie Resume
Movie Titles
Oscar
Actor
Actress
Director
Pixar
Role
Movie Quotes
Movie Characters
Box Office
Nominee
Best Picture
Star Wars
James Bond
Horror Movies
Random Quiz
Search Sporcle
×
Quiz Lab
Quiz Lab
Movies
Numbers
Type in answers that appear in a list
Type in answers that appear in a list
Classic
Best Score? Go Orange.
The Criterion Collection No. 1 to 100 Stats
Can you name the The Criterion Collection Spine Nos. 1 to 100?
By
Alex40
15m
100 Questions
271 Plays
271 Plays
271 Plays
Comments
Comments
Give Quiz Kudos
Give Quiz Kudos
-
- Ratings
hide this ad
Replay
Link that replays current quiz
Next Quiz
Link to next quiz in quiz playlist
You Got
0%
They Got
Avg Score
53%
Avg Friend Score
Upgrade to see
Score Distribution
Jump to the score distribution portion of the page
Score
0/100
Timer
15:00
0
Plays Today
Spine Number
Film
% Correct
2
Seven Samurai
83.8%
30
M
79.7%
11
The Seventh Seal
76.8%
1
Grand Illusion
70.5%
5
The 400 Blows
69.7%
13
The Silence of the Lambs
69.7%
52
Yojimbo
67.2%
40
Armageddon
65.3%
8
The Killer
64.6%
4
Amarcord
63.8%
23
Robocop
63.5%
3
The Lady Vanishes
62.7%
53
Sanjuro
62.7%
17
Salò, or the 120 Days of Sodom
62.4%
12
This is Spinal Tap
62%
64
The Third Man
62%
65
Rushmore
62%
9
Hard Boiled
61.6%
6
Beauty and the Beast
61.3%
51
Brazil
60.9%
56
The 39 Steps
60.9%
44
The Red Shoes
60.1%
10
Walkabout
59.4%
97
Do the Right Thing
59%
36
The Wages of Fear
57.6%
24
High & Low
56.8%
75
Chasing Amy
56.8%
14
Samurai I: Musashi Miyamoto
56.5%
15
Samurai II: Duel at Ichijoji Temple
56.5%
16
Samurai III: Duel at Ganryu Island
56.5%
93
Black Narcissus
56.5%
19
Shock Corridor
56.1%
58
Peeping Tom
56.1%
7
A Night to Remember
55.4%
Spine Number
Film
% Correct
18
The Naked Kiss
55.4%
25
Alphaville
55.4%
33
Nanook of the North
55.4%
100
Beastie Boys Video Anthology
55.4%
20
Sid & Nancy
55%
35
Diabolique
55%
34
Andrei Rublev
53.9%
37
Time Bandits
53.9%
68
Orpheus
53.9%
31
Great Expectations
53.5%
21
Dead Ringers
53.1%
38
Branded to Kill
53.1%
62
The Passion of Joan of Arc
53.1%
98
L'Avventura
53.1%
39
Tokyo Drifter
52.8%
49
Nights of Cabiria
52.8%
41
Henry V
52.4%
99
Gimme Shelter
52.4%
22
Summertime
52%
29
Picnic at Hanging Rock
52%
32
Oliver Twist
52%
82
Hamlet
51.7%
88
Ivan the Terrible
51.7%
48
Black Orpheus
51.3%
70
The Last Temptation of Christ
51.3%
71
The Magic Flute
51.3%
76
Brief Encounter
51.3%
61
Monty Python’s Life of Brian
50.9%
28
Blood for Dracula
50.6%
66
The Orphic Trilogy
50.6%
79
W. C. Fields—Six Short Films
50.6%
91
The Blob
50.6%
27
Flesh for Frankenstein
50.2%
60
Autumn Sonata
50.2%
Spine Number
Film
% Correct
86
Eisenstein: The Sound Years
50.2%
46
The Most Dangerous Game
49.8%
67
The Blood of a Poet
49.8%
45
Taste of Cherry
49.4%
50
And the Ship Sails On
49.1%
55
The Unbearable Lightness of Being
49.1%
78
The Bank Dick
48.7%
69
Testament of Orpheus
48.3%
84
Good Morning
48.3%
87
Alexander Nevsky
48.3%
47
Insomnia
47.6%
54
For All Mankind
47.6%
72
Le Million
47.6%
94
I Know Where I'm Going!
47.6%
95
All That Heaven Allows
47.6%
42
Fishing with John
47.2%
89
Sisters
46.9%
90
Kwaidan
46.1%
57
Charade
45.4%
59
The Night Porter
45%
63
Carnival of Souls
44.6%
81
Variety Lights
44.6%
92
Fiend Without a Face
44.3%
26
The Long Good Friday
43.9%
80
The Element of Crime
43.9%
73
Cleo from 5 to 7
43.9%
74
Vagabond
43.5%
96
Written on the Wind
43.2%
43
Lord of the Flies
42.1%
85
Pygmalion
41.7%
77
And God Created Woman
41.3%
83
The Harder They Come
39.1%
Quiz Playlist
Details
Report
Send in Message
Add To Playlist
Classic:
Type in answers that appear in a list
Last Updated: Feb 16, 2017
Quiz Scoreboard
CHALLENGE
Sign Up to Join the Scoreboard
Show All
Scores
Hide
Comments
May contain spoilers
Recently Published
Movies - When Are They Set?
by FPL_Elf
Movies
5m
Popular People in 1961
by mucciniale
History
6m
1-10 Letter E Words III
by El_Dandy
Language
2m
More to Explore
Quiz From the Vault
Featured Blog Post
Where Did the Easter Bunny Come From?
hide this ad
You Might Also Like...
Tags
Numbers Quiz
100
collection
Criterion
nos
spine
Today's Top Quizzes in Movies
Browse Movies
hide this ad
Today's Top Quizzes in Numbers
Browse Numbers
Top Contributed Quizzes in Movies
1
Pick 5 Posters: Directed by Spielberg
2
Multi-Oscar Nominations, One Movie, One Winner
3
12 Movies about Fictional 1960s Events
4
One Thing in Common: Movies
5
Sunday Crossword: Film Score Composers
6
One Thing in Common: Movies II
7
Pick 5 Posters: Lowest-Rated Spielberg
8
Three Word 'H' Movies Match Up
9
Three Word 'T' Movies Match Up
10
7-to-1: Pixar Characters
Explore More
Trending Topics
Marvel
Disney
Anime
Kpop
Harry Potter
NBA
Crossword
The Office
NFL
Song
WWE
Pokémon
Puzzle
Soccer
Country
hide this ad
More By:
Alex40
Quiz
Plays
Rating
Category
Featured
Created
The Criterion Collection No. 1 to 100
271
4.43
Movies
Sep 25, 2009
1988 Topps Traded Set
97
4.67
Sports
Jul 19, 2010
Go to Creator's Profile
Score Distribution
Quiz Creator Spotlight
Alex40
Follow
Send a Message
Quizzes Created
-
Created Quiz Play Count
-
More By This Creator
Popular Quizzes Today
1
Find the Countries of Europe - No Outlines Minefield
2
Find the US States - No Outlines Minefield
3
The Countries of the World
4
Popular People in 1961
5
US States
6
1-10 Letter E Words III
7
Find the US States
8
One Thing in Common: World Cities II
More Movies Quizzes
Country by 1997 Movie Main Location
Quiz Lab
Trending Quizzes
Risky Map Clicking: Least Populous States A-Z
1-10 Letter F Words
1-10 Letter G Words
One Thing in Common: United Kingdom
Risky Map Clicking: Next State Alphabetically
Recently Updated
Leaping Animals
pecheneg
Reality TV Shows (A-Z)
bhenderson79
Rickey Henderson's Hall of Fame Teammates
pecheneg
Champions League XIs: Arsenal
pecheneg
Quick Pick: Celebrities in WWE's Hall of Fame
aduchscher
A-Z Keypad Blitz II
pecheneg
Multiple Oscar Actors
pecheneg
Mystery Phrase Blitz: Oscar 'Best Actors'
pecheneg
F. Scott Fitzgerald Novels
LTH
Pick 3 Villains
ddd62291
Trending Topics
Harry Potter
Anime
Marvel
Disney
Crossword
Kpop
NBA
NFL
Song
Soccer
Puzzle
Country
Pokémon
The Office
WWE
Your Account Isn't Verified!
In order to create a playlist on Sporcle, you need to verify the email address you used during registration. Go to your
Sporcle Settings
to finish the process.
Report this User
Report this user for behavior that violates our
Community Guidelines
.
Details:
Send Report
Go to the Sporcle.com Mobile Site →
Comments